LEADER 01299nam a2200265 u 4500 001 000000014068 003 CaOOAMICUS 005 20070226105724.0 008 940517s1891 it u000 u ita u 035 $a10334047 040 $aPUL(R)$bita 041 1 $aita$agrc 130 0 $aDidachè.$lItaliano e greco.$0(OLS)http://pul/title/20248 245 13$aLa dottrina del Signore pei dodici Apostoli bandita alle genti :$bdetta La dottrina dei dodici Apostoli /$cversione, note e commentario del P. Ignazio M. Minasi. 260 $aRoma :$bA. Befani,$c1891. 300 $aliv, 390 p. ;$c26 cm 630 04$aDidache$xCommenti.$0(OLS)http://pul/subject/9030 700 1 $aMinasi, Ignazio M.,$cS.I.$0(OLS)http://pul/name/13092 850 $aPUL 852 $aPUL$W1$xDP1 Antico 800$y27$m519 G 15$j19774$nBK-PRI$b $qStampati Antico$B19774$CPULBib$Z2$F19774 $H $81 852 $aPUL$W1$xCollocazioni Temporanee$y24$m263 I 33$j19775$nBK-PRI$b $qStampati$B19775$CPULBib$Z2$F19775 $HPUL692 $81 941 1 $a15 941 1 $a8 996 $6245$aLa dottrina del Signore pei dodici Apostoli bandita alle genti :$bdetta La dottrina dei dodici Apostoli$9(OLS)http://pul/title/20249 996 $6260$aRoma :$bA. Befani$9(OLS)http://pul/publisher/49813 LEADER 01439nam a2200277 u 4500 001 000000052909 003 CaOOAMICUS 005 20070226115512.0 008 001027s1942 be u000 u lat u 035 $a10859687 040 $aPUL(R)$bita 100 1 $aKindt, Gérard,$cC.SS.R.$0(OLS)http://pul/name/16271 245 10$aDe potestate dominativa in religione /$cauctore Gerardo Kindt. 260 $aLovanii :$b[s. n.],$c1942. 300 $a[54] p ;$c26 cm 490 1 $aSylloge excerptorum e dissertationibus ad gradum doctoris in sacra theologia vel in iure canonico consequendum conscriptis (Universitas catholica Lovaniensis) ;$vTomus X, Fasc. I. 500 $aInclude indici. 500 $aExc. ex: Ephemerides theologicae Lovaniensis, 1942, T. XIX, p. 246-295. 504 $aBibliografia in nota a pie' pagina. 650 4$aDiritto canonico.$0(OLS)http://pul/subject/1294 830 0$aSylloge excerptorum e dissertationibus ad gradum doctoris in sacra theologia vel in iure canonico consequendum conscriptis (Universitas catholica Lovaniensis) ;$vTomus X, Fasc. I.$0(OLS)http://pul/title/70593 850 $aPUL 852 $aPUL$W1$xDP1 Fondo Ciprotti$y59$m1543 F 17$j69863$nBK-PRI$b $qFondi$B69863$CPULBib$Z2$F69863 $H $81 941 1 $a1 996 $6245$aDe potestate dominativa in religione$9(OLS)http://pul/title/70968 996 $6260$aLovanii :$b[s. n.]$9(OLS)http://pul/publisher/68337